Game Theory and Location Problem

Saved in:
Bibliographic Details
Main Author: Čičková, Zuzana, 1978-
Format: Book Chapter
Language:English
Subjects:
Tags: Add Tag
No Tags, Be the first to tag this record!

MARC

LEADER 00000naa$a2200000$$$4500
001 0305568
005 20250128095335.8
041 0 |a eng 
044 |a SK 
245 1 0 |a Game Theory and Location Problem  |c Zuzana Čičková 
500 |a Abstrakt 
610 2 0 |a hry 
610 2 0 |a teória a prax 
100 1 |a Čičková, Zuzana, 1978-